Pasados por agua /

Guardado en:
Autor Principal: Morote, Luis
Formato: Libro
Publicado: Valencia : F. Sempere, 0
Materias:
Etiquetas: Agregar Etiqueta
Sin Etiquetas, Sea el primero en etiquetar este registro!
LEADER 00485nam a22001815a 4500
001 CEM.cems004538
005 20060216000000.0
008 130507b######################000#0#####d
003 CEMS
082 0 4 |a 868.5 
100 1 |a Morote, Luis 
245 1 0 |a Pasados por agua / 
260 |a Valencia :  |b F. Sempere, 0 
300 |a 238 p. 
653 |a Cuento español-siglo 19 
653 |a Literatura 
653 |a Literatura española 
859 |a CEMS  |b BIB. CEMS - 11 de abril  |h 868.5  |i M829  |p 5634.76  |t Ej.1